000 00740nas a2200241 454500
001 IICA0700816
003 BR-BrBNA
005 20260323111538.0
007 ta
008 260323b bl.|||p| |||| 00| 00por d
040 _aBR-BrBNA
_bpor
_cBiblioteca Nacional de Agricultura
041 _a(Es)
072 _aP36
100 1 _aChaparro Gonzalez, A.
245 1 _aEvolucion de un servicio de conservacion de suelos hacia el enfoque integral de la comunidade
300 _av. 4(1) p. 7-12
650 _aCONSERVACAO DO SOLO
650 _aMANEJO DO SOLO
650 _aCOLOMBIA
773 0 _tTURRIALBA (IICA)
_X0041-4360
_g(Jan-Mar 1954), v. 4(1) p. 7-12
_wIICA0700816
909 _a202603
_bLúcia
_c55
_dLúcia Elande
942 _2IICA
_n0
_cANA
999 _c340807
_d340807